000 00302nam a22001457a 4500
008 210308b ||||| |||| 00| 0 eng d
020 _a2900631214907
041 _aeng
080 _a94
082 _294
100 _a19
101 _aHIS
245 _aMAX WEBER
_cStephen Kalberg
942 _2udc
_cBK
999 _c56025
_d56025